Universal's handbook on protection of women from domestic violence:Act & Rules / (Record no. 150199)

MARC details
000 -LEADER
fixed length control field 00757nam a22002177a 4500
005 - DATE AND TIME OF LATEST TRANSACTION
control field 20180227154906.0
010 ## - LCCN (DPL NO)
LC control number B-663802
020 ## - INTERNATIONAL STANDARD BOOK NUMBER
International Standard Book Number 9789350356944
Terms of availability 425.00
035 ## - SYSTEM CONTROL NUMBER
System control number B-663802
037 ## - SOURCE OF ACQUISITION
Source of stock number/acquisition Bookwell
082 ## - DEWEY DECIMAL CLASSIFICATION NUMBER
Classification number 345.5402555
100 ## - MAIN ENTRY--PERSONAL NAME
Personal name Das, P.K.
245 ## - TITLE STATEMENT
Title Universal's handbook on protection of women from domestic violence:Act & Rules /
Statement of responsibility, etc by P.K.Das
250 ## - EDITION STATEMENT
Edition statement 5th ed
260 ## - PUBLICATION, DISTRIBUTION, ETC. (IMPRINT)
Place of publication, distribution, etc New Delhi
Name of publisher, distributor, etc Universal Law Publishing
Date of publication, distribution, etc 2016
270 ## - ADDRESS
Address CFF-1A, Dilkhush industrial estate, G.T.Karnal road
City Delhi
Postal code 110033
300 2# - PHYSICAL DESCRIPTION
Extent xxix,445p
Dimensions 24cm (pbk)
700 ## - ADDED ENTRY--PERSONAL NAME
9 (RLIN) 28907
942 ## - ADDED ENTRY ELEMENTS (KOHA)
Source of classification or shelving scheme Dewey Decimal Classification
Item type English Books
Classification part 345.5402555
Call number suffix DAS
Holdings
Withdrawn status Lost status Not for loan Collection code Home library Current library Date acquired Source of acquisition Cost, normal purchase price Full call number Barcode Copy number Cost, replacement price Koha item type
      Non-fiction Ashok Vihar Ashok Vihar 27/02/2018 Bookwell-BL 1033/25.2.17/361/15.2.17/1.3.17 425.00 345.5402555 DAS B-663802 1 425.00 English Books

© Delhi Public Library
Hit Counter
free hit counter